| 000 | 00366nam a2200145Ia 4500 | ||
|---|---|---|---|
| 008 | 150201s2006 xx 000 0 und d | ||
| 082 |
_a612 _bM2006C |
||
| 100 | _aCHANDERSHEKAR | ||
| 245 | _aMANIPAL MANUAL OF PHYSIOLOGY | ||
| 250 | _a1ST | ||
| 260 |
_bC.B.S PUBLISHERS & DISTRIBUTERS _aDELHI _c2006 |
||
| 300 | _a1-240 | ||
| 650 | _aPHYSIOLOGY | ||
| 942 |
_2ddc _cBK _01 |
||
| 999 |
_c3636 _d3636 |
||